01084cam a22002534a 450000100090000000300060000900500170001500800410003201000170007302000220009004000180011204200080013005000250013808200200016310000290018324501020021226000470031430000290036150400410039050503000043165000300073165000490076170000200081012061980GBCCL20241126110447.0000619s2000 moua b 000 0 eng  a 00010076  a0570052505 (pbk.) aDLCcDLCdDLC apcc00aBV4596.R47bH37 200000a248.85221bHAR1 aHarvey, L. James,d1930-10aEvery day is Saturday :ba Christian guide to a fantastic retirement /cL. James & Jackie Harvey. aSt. Louis :bConcordia Pub. House,cc2000. a160 p. :bill. ;c23 cm. aIncludes bibliographical references.0 aFaith : the core of a successful retirement -- Health : from major senior maladies to healthy living -- Activity : finding new meaning in life -- Finance : the principles of handing money in retirement -- Death : the return to the home office -- What's it really like? -- retirees on retirement. 0aRetireesxReligious life. 0aRetirementxReligious aspectsxChristianity.1 aHarvey, Jackie.